000 00687nam a22002657a 4500
001 BR9505818
003 BR-BrBNA
005 20230928094639.0
007 ta
008 230509b bl.||||| |||| 00| 0 por d
040 _aBR-BrBNA
_bpor
_cBiblioteca Nacional de Agricultura
041 _a(Por)
072 _aL01
_b8500
090 _ 8500 BR9505818
100 1 _aSantos, E.
245 1 _aAnfibios e repteis do Brasil (vida e costumes)
250 1 _a2. ed.
260 3 _aRio de Janeiro, GB (Brasil):
_bF. Briguiet,
_c1955.
300 _a263 p.
500 _a95 ref.; 65 illus.
650 _aAnfibio
650 _aReptil
909 _a202309
_bLucia
_c55
_dLucia Elande
942 _cBK
999 _c51858
_d51858